| 000 | 00457nam a22001817a 4500 | ||
|---|---|---|---|
| 999 |
_c527510 _d527510 |
||
| 003 | NUST | ||
| 005 | 20190729060357.0 | ||
| 008 | 190729b ||||| |||| 00| 0 eng d | ||
| 020 | _a9781546544821 | ||
| 038 | _aFaiza | ||
| 082 |
_a170.4403 _bTHO |
||
| 100 |
_aThompson, Christopher P. _918809 |
||
| 245 |
_aEthereum: Distributed Consensus/ _cChristopher P. Thompson |
||
| 260 | _c2017. | ||
| 300 | _a99 p. ; | ||
| 500 | _aPaper back | ||
| 942 |
_2ddc _cBK |
||